<?xml version="1.0" encoding="UTF-8"?>
<collection xmlns="http://www.loc.gov/MARC21/slim">
 <record>
  <leader>02058nam a22002777a 4500</leader>
  <controlfield tag="001">NCT_32701</controlfield>
  <controlfield tag="008">180423b        xxu||||| |||| 00| 0 vie d</controlfield>
  <datafield tag="999" ind1=" " ind2=" ">
   <subfield code="c">1572</subfield>
   <subfield code="d">1572</subfield>
  </datafield>
  <datafield tag="020" ind1=" " ind2=" ">
   <subfield code="c">25000</subfield>
  </datafield>
  <datafield tag="082" ind1="0" ind2="4">
   <subfield code="2">23rd ed.</subfield>
   <subfield code="a">613.2</subfield>
   <subfield code="b">O271</subfield>
  </datafield>
  <datafield tag="100" ind1="1" ind2=" ">
   <subfield code="a">Ohsawa, George</subfield>
  </datafield>
  <datafield tag="245" ind1="1" ind2=" ">
   <subfield code="a">Ăn nhiều hoa quả có nguy hiểm không?</subfield>
   <subfield code="b">: nhưng tôi vẫn còn thích hoa quả, ăn đường có nguy hại không?</subfield>
   <subfield code="c">George Ohsawa, Neven Henaf, Jacques De Langer</subfield>
  </datafield>
  <datafield tag="260" ind1=" " ind2=" ">
   <subfield code="a">H.</subfield>
   <subfield code="b">Văn hóa thông tin</subfield>
   <subfield code="c">2014</subfield>
  </datafield>
  <datafield tag="300" ind1=" " ind2=" ">
   <subfield code="a">123 tr.</subfield>
   <subfield code="b">Bảng</subfield>
   <subfield code="c">19cm</subfield>
  </datafield>
  <datafield tag="520" ind1="3" ind2=" ">
   <subfield code="a">Tập sách này là tập hợp một loạt bài viết của tiên sinh Ohsawa và các bậc thầy về dinh dưỡng nói về tác hại của hoa quả, đường, thịt động vật 4 chân... để các bạn có cái nhìn đúng đắn về việc ăn hoa quả có lợi hay có hại? Ăn bao nhiêu? Ăn như thế nào?  Những lập luận rất biện chứng, logic và đầy tính thuyết phục trong cuốn sách Ăn Nhiều Hoa Quả Có Nguy Hiểm Không? của các tác giả sẽ giúp chúng ta nhìn vấn đề toàn diện hơn và có cách lựa chọn hợp lý nhất cho chính mình.</subfield>
  </datafield>
  <datafield tag="653" ind1=" " ind2=" ">
   <subfield code="a">Dược học</subfield>
  </datafield>
  <datafield tag="653" ind1=" " ind2=" ">
   <subfield code="a">Y đa khoa</subfield>
  </datafield>
  <datafield tag="700" ind1="1" ind2=" ">
   <subfield code="a">Neven Henaf</subfield>
  </datafield>
  <datafield tag="700" ind1="1" ind2=" ">
   <subfield code="a">Jacques De Langer</subfield>
  </datafield>
  <datafield tag="700" ind1="1" ind2=" ">
   <subfield code="a">Nguyễn Thị Thu Vinh</subfield>
  </datafield>
  <datafield tag="700" ind1="1" ind2=" ">
   <subfield code="a">Chu Diễn</subfield>
   <subfield code="e">Người dịch</subfield>
  </datafield>
  <datafield tag="942" ind1=" " ind2=" ">
   <subfield code="2">ddc</subfield>
   <subfield code="c">BK</subfield>
  </datafield>
  <datafield tag="952" ind1=" " ind2=" ">
   <subfield code="0">0</subfield>
   <subfield code="1">0</subfield>
   <subfield code="2">ddc</subfield>
   <subfield code="4">0</subfield>
   <subfield code="6">613_200000000000000_O271</subfield>
   <subfield code="7">0</subfield>
   <subfield code="9">7583</subfield>
   <subfield code="a">000001</subfield>
   <subfield code="b">000001</subfield>
   <subfield code="d">2018-04-23</subfield>
   <subfield code="o">613.2 O271</subfield>
   <subfield code="p">MD.11601</subfield>
   <subfield code="r">2018-04-23</subfield>
   <subfield code="v">25000.00</subfield>
   <subfield code="w">2018-04-23</subfield>
   <subfield code="y">BK</subfield>
  </datafield>
  <datafield tag="952" ind1=" " ind2=" ">
   <subfield code="0">0</subfield>
   <subfield code="1">0</subfield>
   <subfield code="2">ddc</subfield>
   <subfield code="4">0</subfield>
   <subfield code="6">613_200000000000000_O271</subfield>
   <subfield code="7">0</subfield>
   <subfield code="9">7584</subfield>
   <subfield code="a">000001</subfield>
   <subfield code="b">000001</subfield>
   <subfield code="d">2018-04-23</subfield>
   <subfield code="o">613.2 O271</subfield>
   <subfield code="p">MD.11602</subfield>
   <subfield code="r">2018-04-23</subfield>
   <subfield code="v">25000.00</subfield>
   <subfield code="w">2018-04-23</subfield>
   <subfield code="y">BK</subfield>
  </datafield>
  <datafield tag="952" ind1=" " ind2=" ">
   <subfield code="0">0</subfield>
   <subfield code="1">0</subfield>
   <subfield code="2">ddc</subfield>
   <subfield code="4">0</subfield>
   <subfield code="6">613_200000000000000_O271</subfield>
   <subfield code="7">0</subfield>
   <subfield code="9">7585</subfield>
   <subfield code="a">000001</subfield>
   <subfield code="b">000001</subfield>
   <subfield code="d">2018-04-23</subfield>
   <subfield code="l">1</subfield>
   <subfield code="o">613.2 O271</subfield>
   <subfield code="p">MD.10919</subfield>
   <subfield code="r">2019-05-20</subfield>
   <subfield code="s">2019-05-15</subfield>
   <subfield code="v">25000.00</subfield>
   <subfield code="w">2018-04-23</subfield>
   <subfield code="y">BK</subfield>
  </datafield>
  <datafield tag="980" ind1=" " ind2=" ">
   <subfield code="a">Thư viện Trường Đại học Nam Cần Thơ</subfield>
  </datafield>
 </record>
</collection>
